000 00322nam a22001457a 4500
003 SGT
020 _a9780477102285
082 _a341.23
_bUNI
100 _aUNITED NATION
245 _aUNITED NATIONS HANDBOOK 2010-2011
250 _a46
260 _aNEW ZEALAND
_bUNITED NATIONS
_c2010
300 _a428
942 _2ddc
_cBK
999 _c33786
_d33786